| 000 | 00982nam a22003377a 4500 | ||
|---|---|---|---|
| 001 | BR0303359 | ||
| 003 | BR-BrBNA | ||
| 005 | 20230928101315.0 | ||
| 007 | ta | ||
| 008 | 230509b bl.||||| |||| 00| 0 por d | ||
| 040 |
_aBR-BrBNA _bpor _cBiblioteca Nacional de Agricultura |
||
| 041 | _a(Por) | ||
| 072 | _aL01 | ||
| 090 | _ L01 BR0303359 | ||
| 100 | 1 | _aVilela, S.L. de O. | |
| 110 | 1 | _aEMBRAPA Meio Norte, Teresina, PI (Brasil) | |
| 245 | 1 | _aA importância das novas atividades agrícolas ante a globalização: a apicultura no Estado do Piauí | |
| 260 | 3 |
_aTeresina, PI (Brasil): _c2000. |
|
| 300 | _a228 p. | ||
| 500 | _aBibliography p. 217-224; 18 tables; 15 illus. | ||
| 650 | _aAPICULTURA | ||
| 650 | _aMEL | ||
| 650 | _aCRIAÇÃO | ||
| 650 | _aAGRICULTURA FAMILIAR | ||
| 650 | _aPRODUÇÃO DE ALIMENTOS | ||
| 650 | _aMERCADO NACIONAL | ||
| 650 | _aMERCADO INTERNACIONAL | ||
| 650 | _aPIAUÍ | ||
| 909 |
_a202309 _bLucia _c55 _dLucia Elande |
||
| 942 | _cBK | ||
| 999 |
_c65187 _d65187 |
||